=LDR 00000nam 2200000 4500 =001 INLIS000000000005804 =005 20251029085853 =035 ##$$a 0010-1025000859 =007 ta =008 251029###########################0#ind## =082 ##$$a 331.7 =084 ##$$a 331.7 BAD u =100 #$$a Badan Koordinasi Keluarga Berencana Nasional =245 1#$$a Uraian Pekerjaan /$c Badan Koordinasi Keluarga Berencana Nasional =260 ##$:$b Badan Koordinasi Keluarga Berencana Nasional,$c 1981 =300 ##$$a 23 Hal : $b Ilus ; $c 21 =650 #4$$a Keluarga Berencana =856 ##$$a Perpustakaan Kemendukbangga